000 01026cam a2200301 a 4500
001 1746
005 20230926133834.0
020 _a0374361649
040 _aDLC
_cDLC
_dDLC
_beng
050 0 0 _aPZ7.C7855
_bPu 1999
082 0 0 _a823.914
_221
100 1 _aCooper, Helen
_q(Helen F.)
245 1 0 _aPumpkin soup /
_cHelen Cooper.
250 _a1st American ed.
260 _aNew York :
_bFarrar Straus Giroux,
_c1999.
300 _a32 unnumber pages :
_bcolor illustrations ;
_c24 cm.
505 _aO
520 _aThe Cat and the Squirrel come to blows with the Duck in arguing about who will perform what duty in preparing their pumpkin soup, and they almost lose the Duck's friendship when he decides to leave them.
521 _a610
_bLexile AD
521 _aO
_bRaz-Plus
650 1 _aSoups
_vFiction.
650 1 _aCooking
_vFiction.
650 1 _aCats
_vFiction.
650 1 _aSquirrels
_vFiction.
650 1 _aDucks
_vFiction.
906 _a7
_bcbc
_corignew
_d1
_eocip
_f19
_gy-gencatlg
942 _2ddc
_cBK
_n0
999 _c1746
_d1746